000
00308nam a2200133Ia 4500
005
20251222155152.0
008
251222s9999||||xx |||||||||||||| ||spa||
082
_a
MIC. 05
100
_a
ABUID, Hilda.
245
0
_a
Por los Caminos del Agua
250
_a
1ra. ed.
264
_b
Editora PerĂº
942
_c
LIB
999
_c
39613
_d
39613